000 01406nam0a22002891 4500
001 rc\4541726
005 20260407144616.0
021 _aRU
_b[62-35625]
035 _a(NLR Aleph) 008635844
090 _a8911407
_c8911407
100 _a20130416d1962 |||y0rusy50 ca
101 0 _arus
102 _aRU
105 _aa z |||||
200 1 _aПлоскость и прямая в пространстве
_eУчеб. пособие по аналит. геометрии
_fМ-во высш. и сред. спец. образования РСФСР. Всесоюз. заоч. инж.-строит. ин-т. Кафедра высш. математики
210 _aМосква
_cБ. и.
_d1962
215 _a47 с.
_cчерт.
_d23
300 _aСост. указан на обороте тит. л.: доц. Калиновская С.С.
606 _aПрямая (мат.) в пространстве
_jПособия заочные
_2psbo
606 _aПлоскость (мат.) в пространстве
_jПособия заочные
_2psbo
700 1 _aКалиновская
_bС.С.
_f1925-
_gСтелла Сергеевна
_4220
712 0 2 _aВсесоюзный заочный инженерно-строительный институт
_3RU\NLR\AUTH\8810020191
_9538380
801 0 _aRU
_bNLR
_gpsbo
801 1 _aRU
_bELAR
_2rusmarc
852 _aNLR
_j62-6/6579
942 _cBOOK
980 _aNB